000 04186cam a2200397 i 4500
999 _c115275
_d115275
003 BJBSDDR
005 20230411090723.0
007 ta
008 141215s2015 nyu b 001 0 eng
020 _a9781107492622
040 _aDLC
_bspa
_cDLC
041 _aeng
042 _apcc
050 1 4 _aHC 59.15
_bP769 2015
082 0 0 _a330.12/2
_223
245 0 4 _aThe politics of advanced capitalism /
_cedited by Pablo Beramendi, Duke University, Silja Häusermann, University of Zurich, Herbert Kitschelt, Duke University, Hanspeter Kriesi, European University Institute.
264 1 _aNew York :
_bCambridge University Press,
_c2015.
300 _axviii, 453 pages ;
_c23 cm
336 _atext
_2rdacontent
337 _aunmediated
_2rdamedia
338 _avolume
_2rdacarrier
504 _aIncludes bibliographical references (pages 405-445) and index.
505 8 _aMachine generated contents note: 1. Introduction: the politics of advanced capitalism Pablo Beramendi, Silja Hausermann, Herbert Kitschelt and Hanspeter Kriesi; Part I. Structural Transformations: 2. Prosperity and the evolving structure of advanced economies Carles Boix; 3. The origins of dualism David Rueda, Erik Wibbels and Melina Altamirano; 4. Occupational structure and labor market change in Western Europe since 1990 Daniel Oesch; 5. Globalization, labor market risks, and class cleavage Rafaela Dancygier and Stefanie Walter; 6. The return of the family Gosta Esping-Andersen; Part II. Politics: 7. Party alignments: change and continuity Herbert Kitschelt and Philipp Rehm; 8. What do voters want? Dimensions and configurations in individual-level preferences and party choice Silja Hausermann and Hanspeter Kriesi; 9. Trade unions and the future of democratic capitalism Anke Hassel; Part III. Policies: 10. Post-industrial social policy Evelyne Huber and John Stephens; 11. The dynamics of social investment: human capital, activation, and care Jane Gingrich and Ben Ansell; 12. Stability and change in CMEs: corporate governance and industrial relations in Germany and Denmark Gregory Jackson and Kathleen Thelen; Part IV. Outcomes: 13. Constrained partisanship and economic outcomes Pablo Beramendi; 14. Happiness and the welfare state: decommodification and the political economy of subjective wellbeing Christopher J. Anderson and Jason D. Hecht; 15. Conclusion: advanced capitalism in crisis Pablo Beramendi, Silja Hausermann, Herbert Kitschelt and Hanspeter Kriesi.
520 _a"This book serves as a sequel to two distinguished volumes on capitalism: Continuity and Change in Contemporary Capitalism (Cambridge University Press, 1999) and Order and Conflict in Contemporary Capitalism (1985). Both volumes took stock of major economic challenges advanced industrial democracies faced, as well as the ways political and economic elites dealt with them. However, during the last decades, the structural environment of advanced capitalist democracies has undergone profound changes: sweeping deindustrialization, tertiarization of the employment structure, and demographic developments. This book provides a synthetic view, allowing the reader to grasp the nature of these structural transformations and their consequences in terms of the politics of change, policy outputs, and outcomes. In contrast to functionalist and structuralist approaches, the book advocates and contributes to a 'return of electoral and coalitional politics' to political economy research"--
_cProvided by publisher.
650 4 _aHistoria económica
_928
650 4 _aPolítica económica
_9311
650 4 _aCapitalismo
_xAspectos políticos
_914731
650 4 _aEconomía
_9761
700 1 _aBeramendi, Pablo
_916130
700 1 _aHäusermann, Silja,
_eeditor of compilation.
_916131
_d1977-
700 1 _aKitschelt, Herbert
_916132
700 1 _aKriesi, Hanspeter,
_eeditor of compilation.
_97770
_d1949-
906 _a7
_bcbc
_corignew
_d1
_eecip
_f20
_gy-gencatlg
942 _2lcc
_cBK